[Event "EU-ch U10 25th"]
[Site "Porec"]
[Date "2015.09.27"]
[Round "6"]
[White "Smirnov, Maksym"]
[Black "Mochalin, Faddey"]
[Result "0-1"]
[WhiteElo "1598"]
[BlackElo "1917"]
[PlyCount "54"]
[EventDate "2015.09.21"]
[EventType "swiss"]
[EventRounds "9"]
[EventCountry "CRO"]
[SourceTitle "EXT 2016"]
[Source "ChessBase"]
[SourceDate "2015.10.08"]
[SourceVersion "1"]
[SourceVersionDate "2015.10.08"]
[SourceQuality "1"]

1. d4 d5 2. e3 Nf6 3. Nf3 c5 4. Be2 Nbd7 5. 0-0 g6 6. Nbd2 Bg7 7. b3 0-0 8. Bb2 b6 9. c4 cxd4 10. Nxd4 Bb7 11. Rc1 Rc8 12. Bf3 Nc5 13. cxd5 Bxd5 14. Bxd5 Qxd5 15. Nc4 Rfd8 16. Qe2 e5 17. Nf3 e4 18. Nfe5 Qe6 19. Rfd1 Nd5 20. f4 exf3 21. Nxf3 Nf4 22. Qf1 Bxb2 23. Nxb2 Qxe3+ 24. Qf2 Ne2+ 25. Kf1 Qxf2+ 26. Kxf2 Nxc1 27. Rxc1 Ne4+ 0-1

[Event "EU-ch U10 25th"]
[Site "Porec"]
[Date "2015.09.24"]
[Round "4"]
[White "Smirnov, Maksym"]
[Black "Schlegel, Igor"]
[Result "1/2-1/2"]
[WhiteElo "1598"]
[BlackElo "1750"]
[PlyCount "126"]
[EventDate "2015.09.21"]
[EventType "swiss"]
[EventRounds "9"]
[EventCountry "CRO"]
[SourceTitle "EXT 2016"]
[Source "ChessBase"]
[SourceDate "2015.10.08"]
[SourceVersion "1"]
[SourceVersionDate "2015.10.08"]
[SourceQuality "1"]

1. e4 e5 2. Nf3 Nc6 3. Bc4 Bc5 4. c3 Nf6 5. d3 h6 6. 0-0 0-0 7. Nbd2 d6 8. Bb3 Be6 9. Bc2 Re8 10. h3 Bb6 11. Re1 Nh7 12. Nf1 Nf8 13. Ng3 Ng6 14. d4 Bd7 15. d5 Nce7 16. Nf5 Nxf5 17. exf5 Ne7 18. f6 Ng6 19. fxg7 Kxg7 20. a4 a6 21. b4 Qf6 22. Bxg6 fxg6 23. Be3 Rf8 24. a5 Bxe3 25. Rxe3 Rae8 26. Qe2 Bb5 27. Qd2 c6 28. dxc6 bxc6 29. Rae1 Re6 30. Nd4 Re7 31. Rf3 Qh4 32. Rxf8 Kxf8 33. Nxb5 cxb5 34. Qxd6 Qf4 35. Qxg6 Rf7 36. Qd6+ Kg8 37. Qxe5 Qxf2+ 38. Kh1 Qf6 39. Qxf6 Rxf6 40. Re8+ Kf7 41. Rb8 Rc6 42. Rb6 Rxc3 43. Rxa6 Rb3 44. Rxh6 Rxb4 45. Rb6 Rb1+ 46. Kh2 b4 47. a6 Ra1 48. Rxb4 Rxa6 49. Rb5 Ra2 50. Rb6 Kg7 51. h4 Kh7 52. Kh3 Ra3+ 53. g3 Ra4 54. h5 Rc4 55. g4 Rc5 56. Kh4 Rc1 57. h6 Ra1 58. Kh5 Ra7 59. g5 Ra5 60. Rb7+ Kg8 61. h7+ Kh8 62. Rb8+ Kxh7 63. Rb7+ Kg8 1/2-1/2